| Tag |
First Indicator |
Second Indicator |
Subfields |
| LEADER |
00000cam a22000008a 4500 |
| 001 |
in00000009497 |
| 005 |
20151007051615.0 |
| 008 |
870520s1988 ncu b s00110 eng |
| 010 |
|
|
|a 87013884
|
| 020 |
|
|
|a 0807817597 (alk. paper)
|
| 035 |
|
|
|a (OCoLC)15856731
|
| 035 |
|
|
|9 AAA3865AM
|
| 040 |
|
|
|a DLC
|c DLC
|d m/c
|d TXA
|d UtOrBLW
|
| 049 |
|
|
|a TXAM
|c [A11043694]
|
| 050 |
0 |
0 |
|a PA6320
|b .M39 1988
|
| 082 |
0 |
|
|a 808.5/1
|2 19
|
| 100 |
1 |
|
|a May, James M.
|
| 245 |
1 |
0 |
|a Trials of character :
|b the eloquence of Ciceronian ethos /
|c by James M. May.
|
| 264 |
|
1 |
|a Chapel Hill :
|b University of North Carolina Press,
|c [1988]
|
| 264 |
|
4 |
|c ©1988
|
| 300 |
|
|
|a 215 pages
|
| 336 |
|
|
|a text
|b txt
|2 rdacontent
|
| 337 |
|
|
|a unmediated
|b n
|2 rdamedia
|
| 338 |
|
|
|a volume
|b nc
|2 rdacarrier
|
| 504 |
|
|
|a Bibliography: pages [205]-208.
|
| 500 |
|
|
|a Includes index.
|
| 600 |
1 |
0 |
|a Cicero, Marcus Tullius.
|t Speeches.
|
| 600 |
1 |
0 |
|a Cicero, Marcus Tullius
|x Literary style.
|
| 650 |
|
0 |
|a Oratory, Ancient.
|
| 650 |
|
0 |
|a Characters and characteristics in literature.
|
| 650 |
|
0 |
|a Ethics in literature.
|
| 999 |
|
|
|a MARS
|
| 999 |
f |
f |
|s 94220ddd-4bc5-36de-9cb3-978bd6a676c2
|i 61d96f04-3188-3abc-9455-f67b52aa5c49
|t 0
|
| 952 |
f |
f |
|p normal
|a Texas A&M University
|b College Station
|c Sterling C. Evans Library
|d Evans: Library Stacks
|t 0
|e PA6320 .M39 1988
|h Library of Congress classification
|i unmediated -- volume
|m A14811043694
|
| 998 |
f |
f |
|a PA6320 .M39 1988
|t 0
|l Evans: Library Stacks
|